Quality standard launched (Record no. 117014)
[ view plain ]
| 000 -LEADER | |
|---|---|
| fixed length control field | 01167cam a2200241 4500 |
| 001 - CONTROL NUMBER | |
| control field | WB4006-08 |
| 008 - FIXED-LENGTH DATA ELEMENTS--GENERAL INFORMATION | |
| fixed length control field | 040211n2004 000 0 eng u |
| 035 ## - SYSTEM CONTROL NUMBER | |
| System control number | (Sirsi) u125108 |
| 245 ## - TITLE STATEMENT | |
| Title | Quality standard launched |
| 260 ## - PUBLICATION, DISTRIBUTION, ETC. | |
| Date of publication, distribution, etc. | 2004 |
| 490 ## - SERIES STATEMENT | |
| Series statement | Scottish Executive News Release |
| Volume/sequential designation | (SECD392/2004) 4 February 2004 (4) |
| 520 ## - SUMMARY, ETC. | |
| Summary, etc. | The Scottish Executive have outlined the "Scottish housing quality standard", which defines what is acceptable as good quality housing. Local authorities and registered social landlords will have until 2015 to meet targets for achieving minimum standards in housing quality. They will be required to be free from serious disrepair, energy efficient, of a good standard and be safe and secure. 70% of Scotland's social housing is currently estimated to fall beneath these standards. http://www.scotland.gov.uk/pages/news/2004/02/SECD 392.aspx |
| 590 ## - LOCAL NOTE (RLIN) | |
| Local note | WB |
| 590 ## - LOCAL NOTE (RLIN) | |
| Local note | WB |
| 650 ## - SUBJECT ADDED ENTRY--TOPICAL TERM | |
| Topical term or geographic name entry element | SCOTLAND |
| 650 ## - SUBJECT ADDED ENTRY--TOPICAL TERM | |
| Topical term or geographic name entry element | QUALITY STANDARDS |
| 650 ## - SUBJECT ADDED ENTRY--TOPICAL TERM | |
| Topical term or geographic name entry element | SOCIAL HOUSING |
| 650 ## - SUBJECT ADDED ENTRY--TOPICAL TERM | |
| Topical term or geographic name entry element | HOUSING STANDARDS |
| 650 ## - SUBJECT ADDED ENTRY--TOPICAL TERM | |
| Topical term or geographic name entry element | SCOTTISH HOUSING QUALITY STANDARD |
| 650 ## - SUBJECT ADDED ENTRY--TOPICAL TERM | |
| Topical term or geographic name entry element | REGISTERED SOCIAL LANDLORDS |
| 690 ## - LOCAL SUBJECT ADDED ENTRY--TOPICAL TERM (OCLC, RLIN) | |
| Topical term or geographic name as entry element | HOUSING |
| 942 ## - ADDED ENTRY ELEMENTS (KOHA) | |
| Suppress in OPAC | 0 |
| Withdrawn status | Lost status | Source of classification or shelving scheme | Damaged status | Not for loan | Home library | Current library | Shelving location | Date acquired | Total Checkouts | Full call number | Barcode | Date last seen | Copy number | Price effective from | Koha item type |
|---|---|---|---|---|---|---|---|---|---|---|---|---|---|---|---|
| Dewey Decimal Classification | London | London | News article | 11/02/2004 | WB4006-08 | 125108-1001 | 06/08/2019 | 1 | 06/08/2019 | News article |